Geography Quiz

Random Geography or State Quiz
Score 0/6 Timer 00:30
0 Plays Today
Time Zone State % Correct
Hawaiian Time ZoneHawaii
100%
Alaskan Time ZoneAlaska
100%
Pacific Time ZoneCalifornia
98.2%
Mountain Time ZoneArizona
96.5%
Eastern Time ZoneMassachusetts
94.7%
Central Time ZoneAlabama
93%
Remove Ads.
Support Sporcle.
Get the best of Sporcle when you Go Orange. This ad-free experience offers more features, more stats, and more fun while also helping to support Sporcle. Thank you for becoming a member.

You're not logged in!

Compare scores with friends on all Sporcle quizzes.
OR
Log In

Show Comments

Extras

Created Dec 13, 2012ReportNominate
Tags:State Quiz, Zone

Top Quizzes Today


Score Distribution

Your Account Isn't Verified!

In order to create a playlist on Sporcle, you need to verify the email address you used during registration. Go to your Sporcle Settings to finish the process.

Report this User

Report this user for behavior that violates our Community Guidelines.

Details: